<?xml version="1.0" encoding="UTF-8"?>
<record
    xmlns:xsi="http://www.w3.org/2001/XMLSchema-instance"
    xsi:schemaLocation="http://www.loc.gov/MARC21/slim http://www.loc.gov/standards/marcxml/schema/MARC21slim.xsd"
    xmlns="http://www.loc.gov/MARC21/slim">

  <leader>02276nam a22003137a 4500</leader>
  <controlfield tag="003">OSt</controlfield>
  <controlfield tag="005">20241002113204.0</controlfield>
  <controlfield tag="008">240930s2012    mx ad||f |||| 001 0 spa d</controlfield>
  <datafield tag="020" ind1=" " ind2=" ">
    <subfield code="a">9786074771121 (Colecci&#xF3;n Sociolog&#xED;a)</subfield>
  </datafield>
  <datafield tag="020" ind1=" " ind2=" ">
    <subfield code="a">9786074777260 (de la obra)</subfield>
  </datafield>
  <datafield tag="040" ind1=" " ind2=" ">
    <subfield code="a">CHAP</subfield>
    <subfield code="c">CHAP</subfield>
    <subfield code="e">rda</subfield>
  </datafield>
  <datafield tag="082" ind1="0" ind2="0">
    <subfield code="2">22</subfield>
    <subfield code="a">338.17441</subfield>
    <subfield code="b">E27</subfield>
  </datafield>
  <datafield tag="245" ind1="1" ind2="0">
    <subfield code="a">Efectos sociales de la papaya transg&#xE9;nica:</subfield>
    <subfield code="b">una evaluaci&#xF3;n ex ante /</subfield>
    <subfield code="c">por Michelle Chauvet... [y otros  cinco]</subfield>
  </datafield>
  <datafield tag="250" ind1=" " ind2=" ">
    <subfield code="a">Primera edici&#xF3;n</subfield>
  </datafield>
  <datafield tag="264" ind1=" " ind2="1">
    <subfield code="a">M&#xE9;xico:</subfield>
    <subfield code="b">Universidad Auton&#xF3;ma Metropolitana, Divsi&#xF3;n de Ciencias Sociales y Humanidades,</subfield>
    <subfield code="c">2012.</subfield>
  </datafield>
  <datafield tag="300" ind1=" " ind2=" ">
    <subfield code="a">234 p&#xE1;ginas</subfield>
    <subfield code="b">Ilustraciones, gr&#xE1;ficas, tablas</subfield>
  </datafield>
  <datafield tag="336" ind1=" " ind2=" ">
    <subfield code="2">rdacontent</subfield>
    <subfield code="a">texto</subfield>
    <subfield code="b">txt</subfield>
  </datafield>
  <datafield tag="337" ind1=" " ind2=" ">
    <subfield code="2">rdamedia</subfield>
    <subfield code="a">sin medio</subfield>
    <subfield code="b">n</subfield>
  </datafield>
  <datafield tag="338" ind1=" " ind2=" ">
    <subfield code="2">rdacarrier</subfield>
    <subfield code="a">volumen</subfield>
    <subfield code="b">nc</subfield>
  </datafield>
  <datafield tag="490" ind1="1" ind2=" ">
    <subfield code="a">Colecci&#xF3;n Sociolog&#xED;a.</subfield>
  </datafield>
  <datafield tag="500" ind1=" " ind2=" ">
    <subfield code="a">Incluye &#xED;ndice y bibliograf&#xED;a</subfield>
  </datafield>
  <datafield tag="520" ind1=" " ind2=" ">
    <subfield code="a">Las innovaciones biotecnol&#xF3;gicas han generado preocupaci&#xF3;n sobre las posibles consecuencias a nivel de salud, alimentaci&#xF3;n y el medio ambiente. Dentro de este contexto, las autoras se  sit&#xFA;an en el traslape entre preocupaci&#xF3;n e innovaci&#xF3;n para la evaluaci&#xF3;n ex ante de los efectos sociales que acarrear&#xED;a la introducci&#xF3;n de una papaya trasg&#xE9;nica resistente al virus de la mancha anular en M&#xE9;xico, como resultado de las investigaciones que se realizan en diversos centros p&#xFA;blicos de investigaci&#xF3;n. El objetivo era conocer y analizar los intereses y necesidades de los actores sociales involucrados, en especial de los productores, ya que este virus es uno de los problemas fitosanitarios que enfrenta el cultivo de la papaya, su manejo genera p&#xE9;rdidas econ&#xF3;micas y agudiza la diferenciaci&#xF3;n social entre peque&#xF1;os y grandes productores.M&#xE9;xico, como principal pa&#xED;s exportador y por su debatido car&#xE1;cter de centro de origen y diversidad de la papaya, nos exige cautela, ante la liberaci&#xF3;n de una semilla gen&#xE9;ticamente modificada. </subfield>
  </datafield>
  <datafield tag="650" ind1=" " ind2="4">
    <subfield code="a">Papaya</subfield>
    <subfield code="x">Cultivo</subfield>
    <subfield code="9">136934</subfield>
  </datafield>
  <datafield tag="650" ind1=" " ind2="4">
    <subfield code="a">Alimentos transg&#xE9;nicos</subfield>
    <subfield code="x">Aspectos sociales</subfield>
    <subfield code="9">186036</subfield>
  </datafield>
  <datafield tag="650" ind1=" " ind2="4">
    <subfield code="a">Papaya</subfield>
    <subfield code="x">Aspectos socioecon&#xF3;micos</subfield>
    <subfield code="9">189640</subfield>
  </datafield>
  <datafield tag="700" ind1="1" ind2=" ">
    <subfield code="a">Chauvet, Michelle</subfield>
    <subfield code="9">22036</subfield>
  </datafield>
  <datafield tag="830" ind1=" " ind2=" ">
    <subfield code="a">Colecci&#xF3;n Sociolog&#xED;a.</subfield>
    <subfield code="p">Serie estudios, Biblioteca de Ciencias Sociales y Humanidades</subfield>
    <subfield code="9">189639</subfield>
  </datafield>
  <datafield tag="942" ind1=" " ind2=" ">
    <subfield code="2">ddc</subfield>
    <subfield code="c">LIBRO</subfield>
  </datafield>
  <datafield tag="999" ind1=" " ind2=" ">
    <subfield code="c">220178</subfield>
    <subfield code="d">220178</subfield>
  </datafield>
  <datafield tag="952" ind1=" " ind2=" ">
    <subfield code="0">0</subfield>
    <subfield code="1">0</subfield>
    <subfield code="2">ddc</subfield>
    <subfield code="4">0</subfield>
    <subfield code="5">2</subfield>
    <subfield code="7">0</subfield>
    <subfield code="8">GRAL</subfield>
    <subfield code="a">BC</subfield>
    <subfield code="b">BC</subfield>
    <subfield code="c">PA_GRAL</subfield>
    <subfield code="d">2024-09-30</subfield>
    <subfield code="l">0</subfield>
    <subfield code="o">338.17441 E27</subfield>
    <subfield code="p">33724002591062</subfield>
    <subfield code="r">2024-09-30 12:18:30</subfield>
    <subfield code="w">2024-09-30</subfield>
    <subfield code="y">LIBRO</subfield>
  </datafield>
  <datafield tag="952" ind1=" " ind2=" ">
    <subfield code="0">0</subfield>
    <subfield code="1">0</subfield>
    <subfield code="2">ddc</subfield>
    <subfield code="4">0</subfield>
    <subfield code="5">2</subfield>
    <subfield code="7">0</subfield>
    <subfield code="8">GRAL</subfield>
    <subfield code="a">BC</subfield>
    <subfield code="b">BC</subfield>
    <subfield code="c">PA_GRAL</subfield>
    <subfield code="d">2024-09-30</subfield>
    <subfield code="l">0</subfield>
    <subfield code="o">338.17441 E27</subfield>
    <subfield code="p">33724002591140</subfield>
    <subfield code="r">2024-09-30 12:19:48</subfield>
    <subfield code="t">c.2</subfield>
    <subfield code="w">2024-09-30</subfield>
    <subfield code="y">LIBRO</subfield>
  </datafield>
  <datafield tag="952" ind1=" " ind2=" ">
    <subfield code="0">0</subfield>
    <subfield code="1">0</subfield>
    <subfield code="2">ddc</subfield>
    <subfield code="4">0</subfield>
    <subfield code="5">2</subfield>
    <subfield code="7">0</subfield>
    <subfield code="8">GRAL</subfield>
    <subfield code="a">BC</subfield>
    <subfield code="b">BC</subfield>
    <subfield code="c">PA_GRAL</subfield>
    <subfield code="d">2024-09-30</subfield>
    <subfield code="l">0</subfield>
    <subfield code="o">338.17441 E27</subfield>
    <subfield code="p">33724002591103</subfield>
    <subfield code="r">2024-09-30 12:19:48</subfield>
    <subfield code="t">c.3</subfield>
    <subfield code="w">2024-09-30</subfield>
    <subfield code="y">LIBRO</subfield>
  </datafield>
</record>
